KOHA-Header-6

Introduction to Automata Theory Languages and Computation (Record no. 9852)

000 -LEADER
fixed length control field 00292nam a2200109Ia 4500
100 ## - MAIN ENTRY--AUTHOR NAME
Personal name Hopcroft
245 #0 - TITLE STATEMENT
Title Introduction to Automata Theory Languages and Computation
260 ## - PUBLICATION, DISTRIBUTION, ETC. (IMPRINT)
Place of publication Canada
Name of publisher Prentice Hall
Year of publication 2002
300 ## - PHYSICAL DESCRIPTION
Number of Pages 469
942 ## - ADDED ENTRY ELEMENTS (KOHA)
Koha item type Books
Holdings
Withdrawn status Lost status Collection code Permanent Location Current Location Shelving location Date acquired Full call number Accession Number Koha item type
    Electrical Engineering MAJU MAJU   2019-09-14 658.802 5860 Electrical Engineering

Powered by Koha